000 01427nam a22003977a 4500
003 CHAP
005 20220329133122.0
008 971013s1991 r 00010 d
010 _a2355
011 _a3327
035 _a2527
040 _cCHAP
090 _aTesis
100 0 0 _aLuis Ramírez, Ponciano.
_968970
245 _aControl químico de Alternaria porri (Ellis) Heerg y Peronospora destructor (Berk) Casp. en cebolla (Allium cepa L.) en el estado de Morelos
260 _aChapingo, Méx. :
_bEl Autor,
_c1991
300 _a62 h.
500 _aD45-138
502 _aTesis (Ing. Agr. Esp. en Parasitología Agrícola) -- UACH. Departamento de Parasitología Agrícola
590 _aALEPH
_b10
_c20130110
_lUCH01
_h1212
590 _aBATCH-UPD
_b10
_c20130109
_lUCH01
_h2346
590 _aBATCH-UPD
_b10
_c20130110
_lUCH01
_h1709
590 _aBATCH-UPD
_b10
_c20130410
_lUCH01
_h1055
590 _aBATCH-UPD
_b10
_c20130914
_lUCH01
_h0249
590 _aCONVERSION
_b10
_c20130109
_lUCH01
_h1303
650 1 4 _aAlternaria porri.
_94681
650 1 4 _aCebolla
_xEnfermedades.
_920765
650 1 4 _aCebolla
_xMorelos.
_920790
650 1 4 _aPeronospora destructor.
_987212
901 _aBK
942 _cFOLL
949 _a644
_bPA
_cTESBD
_d-7552
_eTS1
_i2527
_si
949 _bBC
_cTES
_d-12028
_eTS1
_h24394
_i2527
_si
949 _bBC
_cTES
_d-69865
_eTS2
_fc.2
_h24395
_i2527
_si
949 _bBC
_cTES
_d-69866
_eTS2
_fc.3
_h24396
_i2527
_si
999 _c2355
_d2355